Поглощаемость, неблуждаемость и рекуррентность множества достижимости управляемой системы Статья
שמור ב:
| מחבר ראשי: | |
|---|---|
| פורמט: | Статья |
| גישה מקוונת: | https://znanium.com/catalog/document?id=180942 https://znanium.com/cover/0499/499303.jpg |
| תגים: |
הוספת תג
אין תגיות, היה/י הראשונ/ה לתייג את הרשומה!
|
| LEADER | 01259nam0a2200241 i 4500 | ||
|---|---|---|---|
| 001 | RU\infra-m\znanium\bibl\499303 | ||
| 003 | https://znanium.com/catalog/document?id=180942 | ||
| 005 | 20200219000000.0 | ||
| 100 | |a 20200219d2014 m y0rusy0150 ca | ||
| 101 | 0 | |a rus | |
| 102 | |a RU | ||
| 200 | 1 | |a Поглощаемость, неблуждаемость и рекуррентность множества достижимости управляемой системы |e Статья | |
| 210 | 1 | |a Ижевск |c ФГБОУ ВПО "Удмуртский Государственный университет" |d 2008 | |
| 215 | |a 8 с. | ||
| 333 | |a Аспирантура | ||
| 606 | |a Физико-математические науки |x Математика |2 local | ||
| 608 | |a Статья |2 local | ||
| 700 | 1 | |a Панасенко |b Е.А. | |
| 701 | 1 | |a Родина |b Л.И. | |
| 701 | 1 | |a Тонков |b Е.Л. | |
| 801 | 0 | |a RU |b Общество с ограниченной ответственностью «ЗНАНИУМ» |c 20141210 |2 rusmarc | |
| 856 | 4 | |a znanium.com |m ebs_support@infra-m.ru |n НИЦ ИНФРА-М |u https://znanium.com/catalog/document?id=180942 | |
| 856 | 4 | 1 | |a znanium.com |d /cover/0499 |f 499303.jpg |q image/jpeg |u https://znanium.com/cover/0499/499303.jpg |